000 00293nam a22001337a 4500
008 170724b xxu||||| |||| 00| 0 eng d
020 _a9780134638379
041 _aeng
080 _a004
100 _a29
101 _aSHKI
245 _aINFORMATION RETRIEVAL
_cFRAKES, W.B
942 _2udc
_cBK
999 _c21812
_d21812